KOHA-Header-6

Economics (Record no. 6052)

000 -LEADER
fixed length control field 00250nam a2200109Ia 4500
008 - FIXED-LENGTH DATA ELEMENTS--GENERAL INFORMATION
fixed length control field 190906s9999||||xx |||||||||||||| ||und||
100 ## - MAIN ENTRY--PERSONAL NAME
Personal name Gerald W. Stone
245 #0 - TITLE STATEMENT
Title Economics
260 ## - PUBLICATION, DISTRIBUTION, ETC. (IMPRINT)
Place of publication, distribution, etc New York
Name of publisher, distributor, etc Famous Books
Date of publication, distribution, etc 1995
300 ## - PHYSICAL DESCRIPTION
Extent 872
942 ## - ADDED ENTRY ELEMENTS (KOHA)
Koha item type Books
Holdings
Withdrawn status Lost status Damaged status Not for loan Permanent Location Current Location Date acquired Full call number Barcode Date last seen Price effective from Koha item type
        MAJU MAJU 2019-09-06 910.9 565 2019-09-06 2019-09-06 Books

Powered by Koha